000 01813cam a22006014i 4500
003 PE-LiUPU
005 20260424100951.0
008 180503s2015 mx a r 001 0 spa d
020 _a6124284103
020 _a9786124284106
035 _a(Sirsi) a241794
040 _aPE-LiUPU
_bspa
_cPE-LiUPU
_erda
049 _aPRUA
082 0 4 _a158.1
_bA553u
_220
100 1 _aAndrade, Amalia,
_eautor.
245 1 0 _aUno siempre cambia al amor de su vida :
_b [por otro amor o por otra vida] /
_cAmalia Andrade.
250 _aPrimera edición.
264 1 _aCiudad de Mexico :
_bEditorial Planeta Mexicana,
_c2015.
300 _a190 páginas :
_bilustraciones ;
_c23 centímetros
336 _atext
_2rdacontent
337 _aunmediated
_2rdamedia
338 _avolume
_2rdacarrier
505 0 _aCapítulo uno: llanto -- Capítulo dos: autodestrucción -- Capítulo tres: rabia, venganza y sentimientos afines -- Capítulo cuatro: depresión -- Capítulo cinco: esta bien estar mal -- Capítulo seis: reinvención de uno mismo -- Capítulo siete: llorando se fue -- Recetas.
526 _aSEG68
526 _aSEG70
526 _aSEG69
526 _aSEG67
526 _aSEG43
526 _aP144
526 _aP143
526 _aP131
526 _aP122
526 _aP120
526 _aP117
526 _aP112
526 _aP110
526 _aP106
526 _aP101
526 _aP80
526 _aP59
526 _aP54
526 _aP35
526 _aP33
526 _aP30
650 0 4 _aAutoayuda.
650 0 4 _aself help.
650 0 4 _aAmor.
_98481
650 0 4 _alove.
910 _adbm
942 _2ddc
_cBOOK
980 _818226
_gJaime Vilcazán Jefe de Análisis Documental
999 _c27360
_d27360